Biology for NEET / (Record no. 2016)

MARC details
000 -LEADER
fixed length control field 00961nam a22003017a 4500
005 - DATE AND TIME OF LATEST TRANSACTION
control field 20210601175747.0
008 - FIXED-LENGTH DATA ELEMENTS--GENERAL INFORMATION
fixed length control field 210315b ii ||||| |||| 00| 0 eng d
020 ## - INTERNATIONAL STANDARD BOOK NUMBER
International Standard Book Number 9789352833795
Terms of availability rS. 330.00
040 ## - CATALOGING SOURCE
Original cataloging agency NLI
Language of cataloging eng
Transcribing agency English Division
041 0# - LANGUAGE CODE
Language code of text/sound track or separate title eng
044 ## - COUNTRY OF PUBLISHING/PRODUCING ENTITY CODE
MARC country code ii
082 04 - DEWEY DECIMAL CLASSIFICATION NUMBER
Edition number 23rd ed.
Classification number RR 570.76
Item number B 521
100 1# - MAIN ENTRY--PERSONAL NAME
Linkage 880-01
245 10 - TITLE STATEMENT
Linkage 880-02
Title Biology for NEET /
Statement of responsibility, etc. Created and compiled by S.chand experts
260 ## - PUBLICATION, DISTRIBUTION, ETC.
Place of publication, distribution, etc. New Delhi:
Name of publisher, distributor, etc. S.chand ,
Date of publication, distribution, etc. 2018.
300 ## - PHYSICAL DESCRIPTION
Extent Various pages;
Other physical details ills:
Dimensions 27cm.
490 ## - SERIES STATEMENT
Series statement Objective series
500 ## - GENERAL NOTE
General note Include test papers
610 ## - SUBJECT ADDED ENTRY--CORPORATE NAME
Corporate name or jurisdiction name as entry element NEET - examintions
Form subdivision stude guides-biology
9 (RLIN) 2861
650 #0 - SUBJECT ADDED ENTRY--TOPICAL TERM
Topical term or geographic name entry element Biology examinations, questions, etc.
9 (RLIN) 2862
650 #0 - SUBJECT ADDED ENTRY--TOPICAL TERM
Topical term or geographic name entry element National Eligibility cum entrance test -examitions
Form subdivision study guides.
9 (RLIN) 2863
700 1# - ADDED ENTRY--PERSONAL NAME
Linkage 880-03
710 ## - ADDED ENTRY--CORPORATE NAME
Corporate name or jurisdiction name as entry element S. Chand experts creted and comp.
9 (RLIN) 2864
880 1# - ALTERNATE GRAPHIC REPRESENTATION
Linkage 100-01
887 ## - NON-MARC INFORMATION FIELD
Content of non-MARC field dibyendu halder
942 ## - ADDED ENTRY ELEMENTS (KOHA)
Source of classification or shelving scheme Dewey Decimal Classification
Koha item type Books

No items available.

                                                                           
web counter

Copyright ©2020 The National Library of India, Govt. of India ↔ Hosted by NVLI, MOC ↔ Technology and Design by National Library of India, Ministry of Culture, Govt. of India